People Who Died in Prison - Statistics

General Stats
  • This quiz has been taken 113 times
  • The average score is 8 of 20
Answer Stats
Death Cause Hint Person % Correct
1821 Natural causes French general and statesman exiled to Saint Helena Napoleon Bonaparte
89%
2017 Natural causes Cult leader serving life for the Tate-LaBianca murders Charles Manson
69%
1967 Natural causes Killer of Lee Harvey Oswald Jack Ruby
67%
1994 Killed by inmate Cannibal serial killer Jeffrey Dahmer
67%
1946 Suicide Nazi leader and Supreme Commander of the Air Force Hermann Göring
60%
2002 Natural causes New York Mafia boss John Gotti
48%
2023 Suicide The Unabomber Ted Kaczynski
47%
2006 Natural causes Former Yugoslav president charged with war crimes Slobodan Milošević
40%
2021 Natural causes "Wall of Sound" music producer who murdered Phil Spector
36%
1981 Starvation IRA militant Bobby Sands
34%
1970 Natural causes First president of Indonesia Sukarno
34%
1803 Natural causes Haitian general and leader of the Haitian Revolution Toussaint Louverture
34%
1987 Suicide Hitler's deputy Rudolf Hess
33%
2017 Suicide NFL player for the Patriots serving life for murder Aaron Hernandez
30%
2021 Natural causes Ponzi scheme operator serving 150-year sentence Bernie Madoff
29%
2013 Natural causes “Night Stalker” serial killer Richard Ramirez
29%
1977 Killed South African anti-apartheid activist Steve Biko
28%
2018 Killed by inmates Boston mob boss serving life for multiple murders Whitey Bulger
22%
2025 Killed by inmates Disgraced lostprophets singer Ian Watkins
14%
2017 Natural causes Chinese democracy activist convicted for “subversion” Liu Xiaobo
5%
No matching quizzes found
Score Distribution
Percent of People with Each Score
Percentile by Number Answered
Your Score History
You have not taken this quiz